000
00347nam a2200157Ia 4500
008
151213s9999 xx 000 0 und d
100
_a
G.Roy
245
_a
The Rape of the Lock
_c
G.Roy
250
_a
1st
260
_a
New York
_b
Monorah
_c
1965
300
_a
2552 p.
650
_a
English
650
_a
English
700
_a
G.Roy
999
_c
1719
_d
1719